Ideas to stop climate change: young people from the regions of Chile.
Guardat en:
| Autor corporatiu: | |
|---|---|
| Format: | Actes de congresos Llibre |
| Publicat: |
Valparaíso, Chile:
Instituto Chileno Norteamericano de Cultura de Valparaíso
2023.
Santiago, Chile: Embajada de los Estados Unidos de América, American Spaces, |
| Matèries: | |
| Etiquetes: |
Afegir etiqueta
Sense etiquetes, Sigues el primer a etiquetar aquest registre!
|
MARC
| LEADER | 00000nam a22000007a 4500 | ||
|---|---|---|---|
| 003 | CL-VaPUC | ||
| 005 | 20230912112604.0 | ||
| 008 | 230629t2023 ||||| |||| 00| 0 eng d | ||
| 999 | |c 441280 |d 441278 | ||
| 040 | |c Pontificia Universidad Católica de Valparaíso | ||
| 082 | |2 22 |a 363.70983 EMB 2023 | ||
| 111 | |a Embajada de los Estados Unidos de América |j autor |9 883512 | ||
| 245 | |a Ideas to stop climate change: |b young people from the regions of Chile. | ||
| 260 | |a Valparaíso, Chile: |b Instituto Chileno Norteamericano de Cultura de Valparaíso | ||
| 260 | |a Santiago, Chile: |b Embajada de los Estados Unidos de América, American Spaces, |c 2023. | ||
| 300 | |a 41 páginas; ilustraciones. | ||
| 500 | |a c.1 Donación Instituto Chileno Norteamericano de Cultura de Valparaíso. 27-6-2023 | ||
| 583 | |c 20230629 |k Catalogador Asistente | ||
| 650 | 0 | |9 428490 |a Cambio climático |v Concursos |x Acción climática |x Jóvenes y adolescentes |z Chile | |
| 650 | 0 | |a Cambio climático |x Protección del medio ambiente |x Soluciones innovativas |x Jóvenes y adolescentes |z Chile |9 883748 | |
| 942 | |2 ddc |c BK | ||
| 952 | |0 0 |1 0 |2 ddc |4 0 |6 363_709830000000000_EMB_2023 |7 0 |8 A |9 590616 |a BIBAGR |b BIBAGR |d 2023-06-29 |e Donación |i 5656728 |o 363.70983 EMB 2023 |p 5656728 |r 2025-01-20 |t 1 |w 2023-06-29 |y BK |k AGR | ||